Представление документа в формате MARC21

Поле Инд. ПП Название Значение
Тип записи a
Библиографический уровень m
001 Контрольный номер c6ca3f12-213a-44fd-86cc-fdb54275332d
005 Дата корректировки 20190704162539.9
008 Кодируемые данные 040712
020 a ISBN 5-8243-0103-4
c Цена, тираж 216.04
040 a Служба первич. каталог. НБ ТвГУ
041 0_ a Код языка текста rus
080 a Индекс УДК 327.82
a Индекс УДК 341.7
084 a Индекс другой классификации/Индекс ББК Ф49
090 x Авторский знак Д46
a Полочн. индекс Ф49
245 10 a Заглавие Дипломатическая служба
b Продолж. заглавия учеб. пособие
c Ответственность [А. В. Торкунов, Т. В. Зонова, О. П. Селянинов и др.; под ред. А. В. Торкунова]; Моск. гос. ин-т междунар. отношений (Ун-т)
260 0_ a Место издания Москва
b Издательство Российская политическая энциклопедия
c Дата издания 2002
300 a Объем 686,[1] с.
440 _0 a Серия Учебники МГИМО
500 a Примечание Авт. указаны в огл.
504 a Библиография Библиогр. в подстроч. примеч.
583 a Действие Получение впервые 291 07.07.2004
k Исполнитель действия НФ "Пушкинская библиотека"
650 04 a Основная рубрика Дипломатия
653 0_ a Ключевые слова Дипломатическая служба
a Ключевые слова Дипломатическая служба в России
a Ключевые слова Дипломатические представительства
a Ключевые слова Международно-правовой статус дипломатических учреждений
a Ключевые слова Консульская служба
a Ключевые слова Дипломатическая служба зарубежных стран
a Ключевые слова Дипломатия
700 1_ a Другие авторы Торкунов Анатолий Васильевич
e Роль лиц авт., ред.
700 1_ a Другие авторы Зонова Татьяна Владимировна
e Роль лиц авт.
700 1_ a Другие авторы Селянинов Олег Павлович
e Роль лиц авт.
700 1_ a Другие авторы Охотский Евгений Васильевич
e Роль лиц авт.
700 1_ a Другие авторы Елисеев Иван Иванович
e Роль лиц авт.
852 41 t Порядковый номер экземпляра 1
p Инвентарный номер 787080
852 41 t Порядковый номер экземпляра 1
p Инвентарный номер 787081
852 41 t Порядковый номер экземпляра 1
p Инвентарный номер 787082
863 t 00024098
888 a За счет средств университета
930 a Новая/Ретро учебники
952 p 291.2004 216.04 1 787080
p 291.2004 216.04 1 787081
p 291.2004 216.04 1 787082
c Вид литературы К ру
954 a Дата поступления на обработку 20040929
999 a Подразделение 2 аб.
a Подразделение 2 ч.з.
a Подразделение 2 уч.о.(каб.УиС)